Statistics for Largest Metro Areas of the Midwestern US

Click here to take the quiz!

General Stats

  • This quiz has been taken 431 times
  • The average score is 25 of 30

Answer Stats

2010 populationHintAnswer% Correct
9,461,105IL, IN, WIChicago
100%
3,422,264MN, WIMinneapolis-St Paul
100%
4,296,250MIDetroit
99%
2,077,240OHCleveland
98%
2,035,334MO, KSKansas City
98%
1,778,568INIndianapolis
97%
1,555,908WIMilwaukee
97%
2,812,896MO, ILSt Louis
97%
1,836,536OHColumbus
95%
865,350NE, IAOmaha
95%
2,130,151OH, KY, INCincinnati
94%
569,633IADes Moines
94%
568,593WIMadison
94%
1,283.566KY, INLouisville
91%
651,429OHToledo
91%
703,200OHAkron
88%
744,160MIGrand Rapids
88%
625,526KSWichita
88%
841,502OHDayton
86%
436,712MOSpringfield
86%
416,257INFort Wayne
80%
464,036MILansing
78%
344,791MIAnn Arbor
69%
379,690IA, ILDavenport-Moline (Quad Cities)
69%
425,790MIFlint
66%
358,676INEvansville
62%
349,431ILRockford
62%
379,186ILPeoria
61%
567735OHYoungstown
61%
404,422OHCanton
48%

Score Distribution

Percentile by Number Answered

Percent of People with Each Score

Your Score History

You have not taken this quiz